[Event "ISR-chT 2019"]
[Site "Israel"]
[Date "2019.03.08"]
[Round "9.1"]
[White "Soffer, Ram"]
[Black "Abergel, Thal"]
[Result "1-0"]
[WhiteElo "2484"]
[BlackElo "2425"]
[Annotator "TA"]
[PlyCount "51"]
[EventDate "2019.01.04"]
[EventType "team-tourn"]
[EventCountry "ISR"]
[SourceTitle "playchess.com"]
[Source "ChessBase"]
[SourceQuality "1"]

{[%evp 16,51,48,20,38,27,48,41,70,65,77,94,143,134,224,230,325,127,182,123,132,113,118,124,130,111,490,497,477,479,778,781,793,674,2158,2031,29988,29989]} 1. c4 Nf6 2. Nc3 e6 3. d4 c5 4. d5 exd5 5. cxd5 d6 6. e4 g6 7. f4 Bg7 8. Bb5+ Nfd7 9. a4 Na6 {A67: Modern Benoni: Taimanov Variation} (9... O-O 10. Nf3 Na6 11. O-O Nb4 12. Kh1 a6 13. Be2 Re8 14. f5 Nf6 15. Bg5 h6 16. Bxf6 Bxf6 17. fxg6 fxg6 18. Qd2 Bg7 19. h3 b6 20. Bc4 {1-0 (75) Sjugirov,S (2663)-Yilmaz,M (2636) St Petersburg 2018}) 10. Nf3 Nc7 11. O-O a6 {White is slightly better.} 12. Bxd7+ Bxd7 13. f5 gxf5 $146 ({Predecessor:} 13... O-O 14. Bg5 Bf6 15. Qd2 Ne8 16. Qf4 Qe7 17. Qh4 {1-0 (32) Baumbach,F-Danner,G ICCF corr 1983}) 14. Bg5 Bf6 {[#]} (14... f6 $16 15. Bf4 fxe4) 15. Bf4 $1 $18 {[%cal Rf4d6]} Bc8 (15... Bxc3 $142 16. bxc3 fxe4) 16. e5 $2 (16. Qe1 $18 {has better winning chances.}) 16... dxe5 $16 17. Bxe5 (17. Nxe5 $18 {Qh5 is the strong threat.} O-O 18. Rf3 Bxe5 19. Bxe5) 17... O-O 18. Qe1 {[%mdl 1024] White has strong compensation.} Ne8 19. Qg3+ Kh8 20. Qh4 $40 {[%mdl 128] White wants to mate with Ng5. White wants a kill.} Rg8 $2 {[%mdl 8192] [#]} (20... Kg8 $16 {is a better chance.} 21. Qf2 b6) 21. Ne4 $1 $18 {[%mdl 512]} fxe4 {[#]} 22. Ng5 $1 {[%csl Gg5][%cal Rh4h7][%mdl 64] Double Attack} Rg7 {[#]} (22... Rxg5 $142 23. Qxg5 Bf5) 23. Rxf6 $1 {[%mdl 512]} Nxf6 24. Rf1 Bf5 25. Rxf5 Qxd5 26. Bxf6 {[%mdl 64] Discovered Attack. Accuracy: White = 66%, Black = 34%.} 1-0

[Event "ISR-chT 2019"]
[Site "Israel"]
[Date "2019.03.08"]
[Round "9.2"]
[White "Poleg, Dan"]
[Black "Shvidler, Eliahu"]
[Result "1/2-1/2"]
[WhiteElo "2264"]
[BlackElo "2357"]
[Annotator "NA RC"]
[PlyCount "86"]
[EventDate "2019.01.04"]
[EventType "team-tourn"]
[EventCountry "ISR"]
[SourceTitle "playchess.com"]
[Source "ChessBase"]
[SourceQuality "1"]
[TimeControl "40/5400+30:1800+30"]

1. d4 {[%emt 0:00:00]} Nf6 {[%emt 0:05:53]} 2. c4 {[%emt 0:00:00]} e6 {[%emt 0:00:09]} 3. Nf3 {[%emt 0:00:00]} d5 {[%emt 0:00:09]} 4. Nc3 {[%emt 0:00:00]} Nbd7 {[%emt 0:01:34]} 5. Bg5 {[%emt 0:00:04]} c6 {[%emt 0:10:31]} 6. e3 {[%emt 0:00:16]} Be7 {[%emt 0:00:18]} 7. Qc2 {[%emt 0:02:59]} O-O {[%emt 0:01:24]} 8. cxd5 {[%emt 0:00:22]} exd5 {[%emt 0:00:52]} 9. Bd3 {[%emt 0:00:07]} Re8 {[%emt 0:01:28]} 10. Ne5 {[%emt 0:03:41]} Nf8 {[%emt 0:04:36]} 11. O-O {[%emt 0:04:27]} Ng4 {[%emt 0:06:15]} 12. Bf4 {[%emt 0:03:45]} Bd6 {[%emt 0:02:33]} 13. Nxg4 {[%emt 0:00:29]} Bxf4 {[%emt 0:00:32]} 14. exf4 {[%emt 0:00:06]} Bxg4 {[%emt 0:00:11]} 15. f5 {[%emt 0:18:07]} f6 {[%emt 0:06:40]} 16. Na4 {[%emt 0:04:54]} Rc8 {[%emt 0:13:24]} 17. h3 {[%emt 0:01:11]} Bh5 {[%emt 0:00:06]} 18. b4 {[%emt 0:01:29]} Qd6 {[%emt 0:02:34]} 19. Qd2 {[%emt 0:01:04]} Re7 {[%emt 0:01:14]} 20. Rfe1 {[%emt 0:02:03]} Rce8 {[%emt 0:01:30]} 21. Rxe7 {[%emt 0:00:37]} Rxe7 {[%emt 0:00:17]} 22. Nc5 {[%emt 0:00:08]} Bf7 {[%emt 0:05:28]} 23. a4 {[%emt 0:01:02]} g6 {[%emt 0:08:36]} 24. a5 {[%emt 0:12:45]} Kg7 {[%emt 0:01:15]} 25. Rc1 {[%emt 0:07:13]} gxf5 {[%emt 0:03:20]} 26. Bxf5 {[%emt 0:00:19]} Bg6 {[%emt 0:00:26]} 27. Bxg6 {[%emt 0:01:11]} hxg6 {[%emt 0:00:22]} 28. Re1 {[%emt 0:00:58]} b6 {[%emt 0:01:53]} 29. Rxe7+ {[%emt 0:01:17]} Qxe7 {[%emt 0:01:48]} 30. Nd3 {[%emt 0:00:10]} Ne6 {[%emt 0:02:39]} 31. Qc3 {[%emt 0:01:03]} Qd6 {[%emt 0:00:44]} 32. axb6 {[%emt 0:01:49]} axb6 {[%emt 0:00:01]} 33. Qa1 {[%emt 0:00:17]} Nf4 {[%emt 0:03:05]} 34. Nxf4 {[%emt 0:01:20]} Qxf4 {[%emt 0:01:17]} 35. g3 {[%emt 0:01:02]} Qc7 {[%emt 0:00:24]} 36. Qa6 {[%emt 0:00:53]} g5 {[%emt 0:00:35]} 37. Kg2 {[%emt 0:01:34]} Qe7 {[%emt 0:06:21]} 38. Qxb6 {[%emt 0:01:38]} Qe4+ {[%emt 0:02:11]} 39. Kh2 {[%emt 0:00:23]} Qe2 {[%emt 0:00:28]} 40. Kg2 {[%emt 0:01:10]} Qe4+ {[%emt 0:00:18]} 41. Kf1 {[%emt 0:31:30]} Qb1+ {[%emt 0:31:08]} 42. Ke2 {[%emt 0:00:15]} Qc2+ {[%emt 0:00:13]} 43. Ke3 {[%emt 0:00:11]} Qc3+ {[%emt 0:00:26]} 1/2-1/2

[Event "ISR-chT 2019"]
[Site "Israel"]
[Date "2019.03.08"]
[Round "9.3"]
[White "Kundin, Alexander"]
[Black "Tifferet, Shaked"]
[Result "0-1"]
[WhiteElo "2311"]
[BlackElo "2233"]
[Annotator "NA RC"]
[PlyCount "90"]
[EventDate "2019.01.04"]
[EventType "team-tourn"]
[EventCountry "ISR"]
[SourceTitle "playchess.com"]
[Source "ChessBase"]
[SourceQuality "1"]
[TimeControl "40/5400+30:1800+30"]

1. e4 {[%emt 0:05:24]} c5 {[%emt 0:00:16]} 2. Nc3 {[%emt 0:00:37]} d6 {[%emt 0:00:19]} 3. f4 {[%emt 0:04:38]} Nc6 {[%emt 0:01:27]} 4. Nf3 {[%emt 0:00:39]} g6 {[%emt 0:00:07]} 5. Bc4 {[%emt 0:00:33]} Bg7 {[%emt 0:00:06]} 6. O-O {[%emt 0:01:06]} e6 {[%emt 0:00:29]} 7. d3 {[%emt 0:00:06]} Nge7 {[%emt 0:00:05]} 8. f5 {[%emt 0:04:10]} d5 {[%emt 0:26:08]} 9. Bb3 gxf5 {[%emt 0:09:56]} 10. exd5 {[%emt 0:17:48]} exd5 {[%emt 0:00:13]} 11. Ng5 {[%emt 0:19:25]} h6 {[%emt 0:09:52]} 12. Nh3 {[%emt 0:00:30]} Be6 {[%emt 0:02:14]} 13. Nf4 {[%emt 0:00:33]} Qd7 {[%emt 0:03:45]} 14. Nh5 {[%emt 0:17:38]} Be5 {[%emt 0:09:34]} 15. Bf4 {[%emt 0:00:59]} O-O-O {[%emt 0:00:17]} 16. Qd2 {[%emt 0:13:20]} Bxf4 {[%emt 0:08:21]} 17. Qxf4 {[%emt 0:00:40]} Qc7 {[%emt 0:00:27]} 18. Rae1 {[%emt 0:01:32]} Nd4 {[%emt 0:05:28]} 19. Ne2 {[%emt 0:00:48]} Nec6 {[%emt 0:07:50]} 20. Nxd4 {[%emt 0:01:49]} Nxd4 {[%emt 0:00:08]} 21. c3 {[%emt 0:00:04]} Nxb3 {[%emt 0:00:27]} 22. axb3 {[%emt 0:00:03]} d4 {[%emt 0:04:04]} 23. c4 {[%emt 0:01:23]} Qxf4 {[%emt 0:03:45]} 24. Nxf4 {[%emt 0:00:08]} Kd7 {[%emt 0:03:14]} 25. Re5 {[%emt 0:00:28]} Rc8 {[%emt 0:00:44]} 26. Rfe1 {[%emt 0:01:53]} Rhe8 {[%emt 0:00:25]} 27. Nh5 {[%emt 0:03:40]} Rf8 $11 {[%emt 0:01:19]} 28. Nf4 {[%emt 0:03:02]} Rc6 {[%emt 0:00:22]} 29. Nd5 {[%emt 0:00:02]} f6 {[%emt 0:01:28]} 30. R5e2 {[%emt 0:00:22]} Bxd5 {[%emt 0:00:56]} 31. cxd5 {[%emt 0:00:11]} Rb6 {[%emt 0:00:54]} 32. Re7+ {[%emt 0:01:31]} Kd6 {[%emt 0:00:18]} 33. R1e6+ {[%emt 0:00:03]} Kxd5 {[%emt 0:00:05]} 34. Rxb6 {[%emt 0:00:04]} axb6 {[%emt 0:00:06]} 35. Rxb7 {[%emt 0:00:02]} Kc6 {[%emt 0:01:03]} 36. Rh7 {[%emt 0:00:36]} Kb5 {[%emt 0:00:08]} 37. Rxh6 {[%emt 0:02:06]} Kb4 {[%emt 0:00:02]} 38. Rh5 {[%emt 0:00:32]} Kxb3 {[%emt 0:00:13]} 39. Rxf5 {[%emt 0:00:02]} Kc2 {[%emt 0:01:19]} 40. Rf3 {[%emt 0:00:54]} c4 {[%emt 0:00:08]} 41. dxc4 {[%emt 0:30:36]} d3 {[%emt 0:31:38]} 42. Kf2 {[%emt 0:00:00]} d2 {[%emt 0:00:00]} 43. Rc3+ {[%emt 0:00:00]} Kxb2 {[%emt 0:00:00]} 44. Rd3 {[%emt 0:00:00]} Kc2 {[%emt 0:00:00]} 45. Ke2 {[%emt 0:00:00]} Re8+ {[%emt 0:00:00]} 0-1

[Event "ISR-chT 2019"]
[Site "Israel"]
[Date "2019.03.08"]
[Round "9.4"]
[White "Poleg, Matan"]
[Black "Aharonovich, Itamar"]
[Result "1/2-1/2"]
[WhiteElo "2195"]
[BlackElo "2288"]
[Annotator "NA RC"]
[PlyCount "181"]
[EventDate "2019.01.04"]
[EventType "team-tourn"]
[EventCountry "ISR"]
[SourceTitle "playchess.com"]
[Source "ChessBase"]
[SourceQuality "1"]
[TimeControl "40/5400+30:1800+30"]

1. d4 {[%emt 0:00:00]} Nf6 {[%emt 0:04:37]} 2. c4 {[%emt 0:01:04]} e6 {[%emt 0:00:07]} 3. Nf3 {[%emt 0:00:11]} b6 {[%emt 0:00:06]} 4. e3 {[%emt 0:00:22]} Bb7 {[%emt 0:02:54]} 5. Bd3 {[%emt 0:00:15]} d5 {[%emt 0:02:49]} 6. O-O {[%emt 0:00:11]} Be7 {[%emt 0:03:09]} 7. cxd5 {[%emt 0:00:16]} exd5 {[%emt 0:00:34]} 8. b3 {[%emt 0:00:10]} O-O {[%emt 0:00:12]} 9. Bb2 {[%emt 0:00:09]} c5 {[%emt 0:01:23]} 10. Nc3 {[%emt 0:02:20]} Nbd7 {[%emt 0:02:14]} 11. Ne5 {[%emt 0:00:36]} a6 {[%emt 0:06:18]} 12. Ne2 {[%emt 0:03:14]} Bd6 {[%emt 0:15:30]} 13. Ng3 {[%emt 0:11:54]} g6 {[%emt 0:01:59]} 14. Nxd7 {[%emt 0:06:49]} Nxd7 {[%emt 0:00:33]} 15. Qg4 {[%emt 0:01:21]} Nf6 {[%emt 0:04:55]} 16. Qf3 {[%emt 0:00:15]} Ne4 {[%emt 0:10:16]} 17. dxc5 {[%emt 0:04:01]} Nxg3 {[%emt 0:09:32]} 18. hxg3 {[%emt 0:09:57]} bxc5 {[%emt 0:00:36]} 19. g4 {[%emt 0:00:01]} Re8 {[%emt 0:02:47]} 20. Bf6 {[%emt 0:01:04]} Be7 {[%emt 0:02:38]} 21. Be5 {[%emt 0:06:37]} Bd6 {[%emt 0:02:31]} 22. Bf6 {[%emt 0:01:12]} Be7 {[%emt 0:00:49]} 23. Be5 {[%emt 0:00:02]} Qd7 {[%emt 0:00:40]} 24. Qf4 {[%emt 0:05:56]} Bf8 {[%emt 0:04:31]} 25. Rac1 {[%emt 0:03:52]} Qe6 {[%emt 0:00:09]} 26. Bf6 {[%emt 0:02:35]} Rac8 {[%emt 0:08:50]} 27. Bb2 {[%emt 0:06:39]} Bd6 {[%emt 0:05:12]} 28. Qg5 {[%emt 0:01:52]} Be7 {[%emt 0:00:50]} 29. Qh6 {[%emt 0:01:16]} Bf8 {[%emt 0:01:40]} 30. Qf4 {[%emt 0:00:06]} Bd6 {[%emt 0:02:34]} 31. Qg5 {[%emt 0:03:21]} Be7 {[%emt 0:00:54]} 32. Qh6 {[%emt 0:00:02]} d4 {[%emt 0:01:25]} 33. exd4 {[%emt 0:07:23]} Qxg4 {[%emt 0:01:23]} 34. d5 {[%emt 0:03:17]} Bf8 {[%emt 0:00:18]} 35. Qd2 {[%emt 0:00:15]} Bd6 {[%emt 0:01:22]} 36. Bc4 {[%emt 0:06:50]} Bf4 {[%emt 0:00:26]} 37. Qc3 {[%emt 0:00:01]} Be5 {[%emt 0:00:21]} 38. Qxe5 {[%emt 0:04:06]} Rxe5 {[%emt 0:00:01]} 39. Bxe5 {[%emt 0:00:02]} Rd8 {[%emt 0:00:41]} 40. Rfe1 {[%emt 0:01:32]} Qf5 {[%emt 0:01:40]} 41. Rcd1 {[%emt 0:35:51]} h5 {[%emt 0:08:11]} 42. Bc7 {[%emt 0:00:00]} Rd7 {[%emt 0:04:23]} 43. Re8+ {[%emt 0:00:00]} Kh7 {[%emt 0:02:12]} 44. Be5 {[%emt 0:00:00]} f6 {[%emt 0:02:25]} 45. Bd6 {[%emt 0:00:00]} h4 {[%emt 0:04:06]} 46. Rd3 {[%emt 0:00:00]} Rxd6 {[%emt 0:03:06]} 47. Re7+ {[%emt 0:00:00]} Kh6 {[%emt 0:00:12]} 48. Rxb7 {[%emt 0:00:00]} Qe5 {[%emt 0:00:16]} 49. Re3 {[%emt 0:00:00]} Qa1+ {[%emt 0:10:13]} 50. Kh2 Qxa2 {[%emt 0:00:00]} 51. Re2 {[%emt 0:00:00]} Qa1 {[%emt 0:00:00]} 52. Rbe7 {[%emt 0:00:00]} f5 {[%emt 0:00:00]} 53. R7e6 {[%emt 0:00:00]} Qd4 {[%emt 0:00:00]} 54. Kg1 {[%emt 0:00:00]} Rxd5 {[%emt 0:00:00]} 55. Bxd5 {[%emt 0:00:18]} Qxd5 {[%emt 0:00:00]} 56. R6e3 {[%emt 0:00:01]} c4 {[%emt 0:00:00]} 57. bxc4 {[%emt 0:00:08]} Qxc4 {[%emt 0:00:00]} 58. Re1 {[%emt 0:00:46]} Kh5 {[%emt 0:00:00]} 59. Ra3 {[%emt 0:00:13]} g5 {[%emt 0:01:36]} 60. Ra5 {[%emt 0:00:37]} Kg4 {[%emt 0:01:30]} 61. Rea1 {[%emt 0:00:20]} f4 {[%emt 0:00:46]} 62. Rxa6 {[%emt 0:00:47]} h3 {[%emt 0:00:43]} 63. R6a4 {[%emt 0:00:37]} Qc6 {[%emt 0:01:07]} 64. gxh3+ {[%emt 0:00:18]} Kxh3 {[%emt 0:00:02]} 65. R4a3+ {[%emt 0:00:28]} Kh4 {[%emt 0:01:24]} 66. Ra6 {[%emt 0:01:24]} Qd7 {[%emt 0:00:27]} 67. Rh6+ {[%emt 0:00:27]} Kg4 {[%emt 0:00:01]} 68. Rb1 {[%emt 0:06:47]} Qd3 {[%emt 0:00:38]} 69. Rhb6 {[%emt 0:00:16]} Qh3 {[%emt 0:00:29]} 70. R6b4 {[%emt 0:01:55]} Kh5 {[%emt 0:00:41]} 71. Rb8 {[%emt 0:01:22]} Qg4+ {[%emt 0:00:36]} 72. Kh1 {[%emt 0:00:36]} Qh3+ {[%emt 0:00:47]} 73. Kg1 {[%emt 0:00:01]} Qg4+ {[%emt 0:00:06]} 74. Kh1 {[%emt 0:00:01]} Qf3+ {[%emt 0:00:24]} 75. Kg1 {[%emt 0:00:03]} Qc3 {[%emt 0:00:25]} 76. R8b3 {[%emt 0:00:13]} Qc8 {[%emt 0:00:14]} 77. Rb8 {[%emt 0:00:12]} Qc5 {[%emt 0:00:55]} 78. R8b5 {[%emt 0:00:13]} Qd4 {[%emt 0:00:30]} 79. R5b4 {[%emt 0:00:11]} Qd7 {[%emt 0:00:45]} 80. Rb7 {[%emt 0:00:31]} Qf5 {[%emt 0:00:14]} 81. Rb8 {[%emt 0:02:03]} f3 {[%emt 0:00:58]} 82. R1b4 {[%emt 0:00:00]} Qe5 {[%emt 0:00:26]} 83. Rb1 {[%emt 0:00:25]} Qd4 {[%emt 0:00:20]} 84. R8b4 {[%emt 0:00:29]} Qd7 {[%emt 0:00:26]} 85. Kh2 {[%emt 0:00:43]} Qd6+ {[%emt 0:00:29]} 86. Kg1 {[%emt 0:00:52]} Qe5 {[%emt 0:00:19]} 87. Rb5 {[%emt 0:00:26]} Qd6 {[%emt 0:00:39]} 88. R5b4 {[%emt 0:00:13]} Qe6 {[%emt 0:00:46]} 89. Kh2 {[%emt 0:00:34]} Qd6+ {[%emt 0:00:41]} 90. Kg1 {[%emt 0:00:41]} Qd3 {[%emt 0:00:27]} 91. Kh2 {[%emt 0:00:12]} 1/2-1/2

[Event "ISR-chT 2019"]
[Site "Israel"]
[Date "2019.03.08"]
[Round "9.5"]
[White "Kreizberg, Michael"]
[Black "Kudischewitsch, David"]
[Result "1/2-1/2"]
[WhiteElo "2305"]
[BlackElo "2350"]
[Annotator "NA RC"]
[PlyCount "126"]
[EventDate "2019.01.04"]
[EventType "team-tourn"]
[EventCountry "ISR"]
[SourceTitle "playchess.com"]
[Source "ChessBase"]
[SourceQuality "1"]
[TimeControl "40/5400+30:1800+30"]

1. d4 {[%emt 0:09:08]} Nf6 {[%emt 0:00:00]} 2. c4 {[%emt 0:00:06]} c6 {[%emt 0:00:06]} 3. Nf3 {[%emt 0:00:11]} b5 {[%emt 0:00:25]} 4. cxb5 {[%emt 0:00:13]} Qa5+ {[%emt 0:00:04]} 5. Bd2 {[%emt 0:01:36]} Qxb5 {[%emt 0:00:05]} 6. Nc3 {[%emt 0:08:22]} Qb6 {[%emt 0:00:08]} 7. e4 {[%emt 0:01:05]} e6 {[%emt 0:00:10]} 8. e5 {[%emt 0:13:31]} Nd5 {[%emt 0:00:06]} 9. Na4 {[%emt 0:00:07]} Qd8 {[%emt 0:00:24]} 10. Ng5 {[%emt 0:00:28]} f5 {[%emt 0:06:30]} 11. Bc4 {[%emt 0:01:43]} Nb6 {[%emt 0:01:19]} 12. Nxb6 {[%emt 0:05:41]} Qxb6 {[%emt 0:00:40]} 13. Bc3 {[%emt 0:09:28]} Be7 {[%emt 0:01:37]} 14. h4 {[%emt 0:00:55]} Na6 {[%emt 0:01:45]} 15. Qd2 {[%emt 0:06:41]} Nb4 {[%emt 0:03:11]} 16. a3 {[%emt 0:00:09]} Nd5 {[%emt 0:00:06]} 17. Ba5 {[%emt 0:00:05]} Qb8 {[%emt 0:00:10]} 18. O-O {[%emt 0:05:26]} O-O {[%emt 0:00:36]} 19. Rfe1 {[%emt 0:00:41]} Bb7 {[%emt 0:01:44]} 20. Bxd5 {[%emt 0:07:22]} cxd5 {[%emt 0:00:05]} 21. Bb4 {[%emt 0:00:25]} Bxb4 {[%emt 0:00:22]} 22. Qxb4 {[%emt 0:00:12]} Bc6 {[%emt 0:00:42]} 23. Qd2 {[%emt 0:00:33]} a5 {[%emt 0:00:12]} 24. b4 {[%emt 0:00:27]} axb4 {[%emt 0:02:17]} 25. axb4 {[%emt 0:00:05]} Qb6 {[%emt 0:00:19]} 26. Ra5 {[%emt 0:00:24]} Bb5 {[%emt 0:01:15]} 27. Rea1 {[%emt 0:00:37]} Rac8 {[%emt 0:00:01]} 28. Nf3 {[%emt 0:02:45]} h6 {[%emt 0:00:32]} 29. Ne1 {[%emt 0:02:03]} Rc7 {[%emt 0:19:10]} 30. Ra8 {[%emt 0:02:06]} Rcc8 {[%emt 0:03:43]} 31. R8a5 {[%emt 0:02:18]} Rc7 {[%emt 0:05:12]} 32. Nc2 {[%emt 0:03:08]} Rb8 {[%emt 0:01:45]} 33. Ra8 {[%emt 0:02:55]} Rcc8 {[%emt 0:00:33]} 34. Rxb8 {[%emt 0:00:14]} Qxb8 {[%emt 0:03:22]} 35. Ra5 {[%emt 0:00:19]} Kh7 {[%emt 0:12:03]} 36. Na3 {[%emt 0:02:18]} Bc6 {[%emt 0:01:50]} 37. Rc5 {[%emt 0:00:28]} Qa7 {[%emt 0:00:15]} 38. Qc3 {[%emt 0:00:29]} Ra8 {[%emt 0:00:19]} 39. Ra5 {[%emt 0:00:52]} Qb8 {[%emt 0:00:07]} 40. b5 {[%emt 0:00:52]} Bb7 {[%emt 0:00:28]} 41. Rxa8 {[%emt 0:39:33]} Qxa8 {[%emt 0:30:05]} 42. Qc5 {[%emt 0:00:00]} Qa5 {[%emt 0:00:00]} 43. Nc2 {[%emt 0:00:00]} Qd2 {[%emt 0:00:00]} 44. Ne3 {[%emt 0:00:00]} Qe1+ {[%emt 0:00:00]} 45. Nf1 {[%emt 0:00:00]} Qb1 {[%emt 0:00:00]} 46. h5 {[%emt 0:00:00]} f4 {[%emt 0:00:00]} 47. Qf8 {[%emt 0:00:00]} Qxb5 {[%emt 0:00:00]} 48. Qxf4 {[%emt 0:00:00]} Ba6 {[%emt 0:00:00]} 49. Ne3 {[%emt 0:00:00]} Qe2 {[%emt 0:00:00]} 50. f3 {[%emt 0:00:00]} Qd2 {[%emt 0:00:00]} 51. Kh2 {[%emt 0:00:00]} Qf2 {[%emt 0:00:00]} 52. Kh3 {[%emt 0:00:00]} Bd3 {[%emt 0:00:00]} 53. Ng4 {[%emt 0:00:00]} Qg1 {[%emt 0:00:00]} 54. Qe3 {[%emt 0:00:00]} Qh1+ {[%emt 0:00:00]} 55. Nh2 {[%emt 0:00:00]} Qd1 {[%emt 0:00:00]} 56. g4 {[%emt 0:00:13]} Kg8 {[%emt 0:00:00]} 57. Kg3 {[%emt 0:00:14]} Bc4 {[%emt 0:00:00]} 58. Kf4 {[%emt 0:01:50]} Qc2 {[%emt 0:00:00]} 59. Kg3 {[%emt 0:00:12]} Qd1 {[%emt 0:00:00]} 60. Kf2 {[%emt 0:02:18]} Qh1 {[%emt 0:00:00]} 61. Kg3 {[%emt 0:00:18]} Qd1 {[%emt 0:00:00]} 62. Kg2 {[%emt 0:01:52]} Qc2+ {[%emt 0:00:00]} 63. Kg3 {[%emt 0:00:23]} Qd1 {[%emt 0:00:00]} 1/2-1/2

[Event "ISR-chT 2019"]
[Site "Israel"]
[Date "2019.03.08"]
[Round "9.6"]
[White "Lurie, Michael"]
[Black "Gershkowich, David"]
[Result "1-0"]
[WhiteElo "2336"]
[BlackElo "2201"]
[Annotator "NA RC"]
[PlyCount "65"]
[EventDate "2019.01.04"]
[EventType "team-tourn"]
[EventCountry "ISR"]
[SourceTitle "playchess.com"]
[Source "ChessBase"]
[SourceQuality "1"]
[TimeControl "40/5400+30:1800+30"]

1. Nf3 {[%emt 0:00:00]} e6 {[%emt 0:05:54]} 2. b3 {[%emt 0:00:16]} f5 {[%emt 0:00:34]} 3. Bb2 {[%emt 0:00:58]} Nf6 {[%emt 0:00:09]} 4. c4 {[%emt 0:00:46]} Be7 {[%emt 0:00:28]} 5. d3 {[%emt 0:00:34]} O-O {[%emt 0:01:03]} 6. Nbd2 {[%emt 0:01:19]} d6 {[%emt 0:04:38]} 7. g3 {[%emt 0:03:14]} c6 {[%emt 0:04:52]} 8. Bg2 {[%emt 0:01:49]} e5 {[%emt 0:04:33]} 9. Qc2 {[%emt 0:13:32]} a5 {[%emt 0:02:13]} 10. c5 {[%emt 0:00:35]} e4 {[%emt 0:10:48]} 11. cxd6 {[%emt 0:03:52]} Bxd6 {[%emt 0:01:43]} 12. dxe4 {[%emt 0:00:35]} Nxe4 {[%emt 0:01:05]} 13. Nxe4 {[%emt 0:07:25]} fxe4 {[%emt 0:00:12]} 14. Qxe4 {[%emt 0:00:09]} Bb4+ {[%emt 0:02:07]} 15. Kf1 {[%emt 0:00:06]} Bf5 {[%emt 0:02:46]} 16. Qc4+ {[%emt 0:07:53]} Kh8 {[%emt 0:00:10]} 17. a3 {[%emt 0:01:39]} Bd6 {[%emt 0:02:00]} 18. h4 {[%emt 0:15:03]} Qe7 {[%emt 0:01:55]} 19. h5 {[%emt 0:00:05]} b5 {[%emt 0:06:37]} 20. Qh4 {[%emt 0:00:28]} h6 {[%emt 0:03:09]} 21. Qxe7 {[%emt 0:01:20]} Bxe7 {[%emt 0:00:02]} 22. Nh4 {[%emt 0:00:33]} Bh7 {[%emt 0:02:14]} 23. Rd1 {[%emt 0:06:58]} Bc5 {[%emt 0:04:42]} 24. f4 {[%emt 0:03:28]} Ra7 {[%emt 0:05:20]} 25. Ng6+ {[%emt 0:02:22]} Bxg6 {[%emt 0:00:02]} 26. hxg6 {[%emt 0:00:12]} Kg8 {[%emt 0:00:25]} 27. Rh5 {[%emt 0:04:59]} Bb6 {[%emt 0:03:34]} 28. Re5 {[%emt 0:00:27]} Bd8 {[%emt 0:07:47]} 29. Re6 {[%emt 0:01:35]} c5 {[%emt 0:04:50]} 30. Be5 {[%emt 0:02:40]} Be7 {[%emt 0:05:17]} 31. Bd5 {[%emt 0:03:43]} Kh8 {[%emt 0:00:06]} 32. Kg2 {[%emt 0:00:08]} Rd8 {[%emt 0:03:16]} 33. e4 {[%emt 0:01:16]} 1-0

[Event "ISR-chT 2019"]
[Site "Israel"]
[Date "2019.03.08"]
[Round "9.7"]
[White "Gorodetzky, David"]
[Black "Kravtsiv, Martyn"]
[Result "1/2-1/2"]
[WhiteElo "2449"]
[BlackElo "2632"]
[Annotator "TA"]
[PlyCount "76"]
[EventDate "2019.01.04"]
[EventType "team-tourn"]
[EventCountry "ISR"]
[SourceTitle "playchess.com"]
[Source "ChessBase"]
[SourceQuality "1"]

{[%evp 10,76,20,12,26,21,32,36,43,31,35,27,29,32,35,19,25,19,15,18,18,0,0,2,0,10,41,33,33,6,18,-14,13,7,26,-16,-9,-13,-6,-21,-14,-11,-12,-13,-25,-22,-8,-7,0,0,9,11,10,12,279,0,0,0,264,0,0,0,0,0,0,0,0,0,0]} 1. c4 e6 2. Nc3 d5 3. d4 Be7 4. cxd5 exd5 5. Bf4 c6 6. e3 Bd6 $146 {D31: Queen's Gambit Declined: Semi-Slav without ...Nf6 (+ Marshall Gambit and Noteboom) and Exchange Variation lines without ...Nf6} (6... Bf5 7. Nge2 Nd7 8. Ng3 Bg6 9. Be2 Ngf6 10. h4 h5 11. Bg5 Ne4 12. Bxe7 Qxe7 13. Nxh5 Bxh5 14. Bxh5 g6 15. Nxe4 Rxh5 16. Ng3 Rxh4 17. Rxh4 Qxh4 {½-½ (52) Navara,D (2741)-Harikrishna,P (2739) Linares 2018}) 7. Qf3 Bxf4 8. Qxf4 Qf6 {White is slightly better.} 9. Qc7 Ne7 10. Nf3 O-O 11. Bd3 b6 12. O-O Ba6 13. Bxa6 Nxa6 14. Qb7 Nb4 15. Ne5 Rfb8 16. Qd7 Rd8 17. Qg4 Rac8 18. a3 Na6 $1 19. Rac1 Nc7 20. f4 Nf5 21. Qh3 c5 22. g4 cxd4 23. gxf5 dxc3 24. Rxc3 {aiming for Rfc1.} Ne8 $1 25. Ng4 Qd6 {Strongly threatening ...Rxc3.} 26. Rxc8 Rxc8 27. f6 $1 Rc2 28. fxg7 {And now Nh6+ would win.} Nxg7 29. Qh4 {Black must now prevent Nf6+.} h5 30. Nf6+ Kf8 31. Qg5 {Threatens to win with Qxg7+!} ({Of course not} 31. Nxh5 Nf5 $17) 31... d4 $2 {[%mdl 8192]} (31... Rc6 $11 {and Black has nothing to worry.} 32. Nxh5 (32. Nxd5 Qd7 $11) 32... Nxh5 33. Qxh5 Qe6) 32. Nh7+ Kg8 33. Nf6+ {[%mdl 64] [#] Double Attack} Kf8 34. Qh6 $2 (34. e4 $18) 34... Qe6 {The position is equal.} 35. Nh7+ Kg8 36. Nf6+ {[%mdl 64] Double Attack} Kf8 37. Nh7+ Kg8 {( -> ...Qg4+)} 38. Nf6+ {[%mdl 64] [#] Double Attack} Kf8 {Accuracy: White = 51%, Black = 42%.} 1/2-1/2